000 00771nam a2200253Ia 4500
003 GCL
008 140319s9999 xx 000 0 ara d
040 _aGCL /
_cGCL
082 0 4 _a925
_bك ع
100 1 _aكين، فيليب
245 1 0 _aعمالقة العلم /
_cكين، فيليب
260 _aسوريا :
_bدار دمشق للنشر والتوزيع والطباعة ،
_c2003
300 _a324 ص ؛
_c24 سم
650 0 4 _aالفلاسفة
650 0 4 _aالرياضيون
650 0 4 _aالفيزيائيون
650 0 4 _aالعلماء - تراجم
650 0 4 _aنيوتن
650 0 4 _aالكيميائيون - تراجم
650 0 4 _aويليام هارفى
650 0 4 _aاقليدس
650 0 4 _aفيناهورس
942 _2ddc
_cBK
999 _c8358
_d8358